| 000 | 00919nam a2200265 i 4500 | ||
|---|---|---|---|
| 003 | DO-SdBNP | ||
| 005 | 20251125074842.0 | ||
| 007 | ta | ||
| 008 | 251125b2023 dr d|||| |||| 00| 0 spa d | ||
| 020 | _a9789945937213 | ||
| 040 |
_aDO-SdBNP _bspa _cBNPHU _erda |
||
| 041 | _aspa | ||
| 082 | 4 |
_axxx _bxxx _222 |
|
| 245 | 1 | 0 |
_aGuía metodológica para la evaluación de ayudas estatales desde la perspectiva de la competencia _b |
| 264 | 4 |
_aSanto Domingo, República Dominicana : _bComisión Nacional de Defensa de la Competencia, _c©2023. |
|
| 300 |
_a93 páginas : _bgráficos ; _c21 cm. |
||
| 336 |
_atexto _btxt _2rdacontent |
||
| 337 |
_asin mediación _bn _2rdamedia |
||
| 338 |
_avolumen _bnc _2rdacarrier |
||
| 500 | _aIncluye referencias bibliográficas y notas al pie de las páginas | ||
| 504 | _aBibliografía : página 65-72 | ||
| 590 | _aInventariado, 2025/BT | ||
| 910 | _aBtavárez | ||
| 942 |
_2ddc _cLBS1 |
||
| 999 |
_c60063 _d60063 |
||